000 00697nam a2200241Ia 4500
003 OSt
005 20220925215207.0
006 a|||||r|||| 00| 0
007 ta
008 220923b |||||||| |||| 00| 0 eng d
037 _cGeneral Book
040 _aRTL
_cRTL
_beng
041 _2eng
_aeng
082 _aY76, L5
100 _aOnwuejeogwu M Angulu
_9282376
245 0 _aSocial anthropology of Africa
_b An introduction
260 _aLondon
_bHeinemann
_c1975
300 _axxiv,296p
_ccm.
500 _aBibliography chapterwise; Appendix: p 279-287
650 _aAfrican Society
942 _hY76, L5
_cGB
_2CC
999 _c568182
_d568182